000
00288nam a22001337a 4500
008
170502b xxu||||| |||| 00| 0 eng d
020
_a
9951402208
041
_a
eng
080
_a
347
100
_a
13
101
_a
SHJ
245
_a
TE DREJTAT E NJERIUT
_c
OSMANI.N
942
_2
udc
_c
BK
999
_c
12409
_d
12409